| 000 | 00588ntaaa2200193 4500 | ||
|---|---|---|---|
| 003 | 01 | ||
| 005 | 20251027203002.0 | ||
| 008 | 0714s1973 ag 01 | ||
| 040 |
_aAR-BaBN _bspa _cAR-BaBN _eaacr _dRIC |
||
| 082 | _a996.8300 M35c | ||
| 100 |
_aCommission of the Churches on International Affairs _921614 |
||
| 245 | _aMarshall Islands | ||
| 250 | _a1 ed. | ||
| 260 |
_aGeneva : _bWorld Council of Churches, _c1983 |
||
| 300 |
_a45 p ; _cmapas : 21 cm |
||
| 500 | _aReport of a WCC delegation to the Marshall Islands, 20 May - 4 June 1983 | ||
| 650 |
_aIslas Marshall _930828 |
||
| 942 | _cBK | ||
| 999 |
_c25262 _d25262 |
||